[Event "CRO-chT2 Center 22nd"]
[Site "Sisak"]
[Date "2013.04.21"]
[Round "4.1"]
[White "Zlomislic, Vinko"]
[Black "Mihalincic, Tomislav"]
[Result "0-1"]
[WhiteElo "2036"]
[BlackElo "2275"]
[PlyCount "100"]
[EventDate "2013.04.14"]
[EventType "team-tourn"]
[EventRounds "11"]
[EventCountry "CRO"]
[SourceTitle "EXT 2016"]
[Source "ChessBase"]
[SourceDate "2015.10.08"]
[SourceVersion "1"]
[SourceVersionDate "2015.10.08"]
[SourceQuality "1"]

1. d4 Nf6 2. c4 g6 3. g3 Bg7 4. Bg2 d6 5. Nc3 0-0 6. Nf3 Nc6 7. d5 Na5 8. Nd2 c5 9. 0-0 a6 10. h3 Rb8 11. a4 Bd7 12. Qc2 b5 13. axb5 axb5 14. cxb5 Bxb5 15. Nxb5 Rxb5 16. Ra2 Qb8 17. Rd1 Nd7 18. Bf1 Nb3 19. Nxb3 Rxb3 20. Rd3 Rb4 21. Rda3 h6 22. b3 Nf6 23. Bg2 Rc8 24. Bd2 Rb7 25. Qc4 Kh7 26. Kh2 Nd7 27. f4 Nb6 28. Qd3 c4 29. bxc4 Nxc4 30. Ra8 Qc7 31. Rxc8 Qxc8 32. Rc2 Rc7 33. Be1 Nb2 34. Rxc7 Qxc7 35. Qb5 Qc1 36. Bf2 Qd2 37. Bf3 Nd1 38. Qb6 Nxf2 39. Qxf2 Bd4 40. Qf1 Qe3 41. Qg2 Bc5 42. Qf1 Kg7 43. Kg2 f5 44. Kh2 g5 45. fxg5 hxg5 46. Bg2 g4 47. h4 Bd4 48. Qe1 Be5 49. Bf1 f4 50. Bg2 f3 0-1

[Event "CRO-chT3 Center-A"]
[Site "Zagreb"]
[Date "2011.10.16"]
[Round "8.66"]
[White "Zlomislic, Vinko"]
[Black "Bockaj, Ivan"]
[Result "1/2-1/2"]
[WhiteElo "2038"]
[BlackElo "1953"]
[PlyCount "96"]
[EventDate "2011.03.13"]
[EventType "team-tourn"]
[EventRounds "11"]
[EventCountry "CRO"]
[SourceTitle "EXT 2014"]
[Source "ChessBase"]
[SourceDate "2013.11.20"]
[SourceVersion "1"]
[SourceVersionDate "2013.11.20"]
[SourceQuality "1"]

1. d4 d5 2. c4 c6 3. Nf3 Nf6 4. e3 g6 5. Nc3 Bg7 6. Be2 0-0 7. 0-0 Bg4 8. cxd5 cxd5 9. Qb3 Bc8 10. Ne5 e6 11. Bd2 Nbd7 12. Nd3 a6 13. Rfc1 b6 14. Na4 Re8 15. Rc2 Bb7 16. Rac1 Rc8 17. Rxc8 Bxc8 18. Bb4 Bf8 19. Bxf8 Rxf8 20. Nb4 Nb8 21. Nc6 Nxc6 22. Rxc6 Bd7 23. Rc1 b5 24. Nc5 Qa5 25. a3 Rc8 26. Qc3 Qb6 27. Qe1 Rc7 28. Rc3 Kg7 29. Qc1 Ra7 30. h3 Be8 31. Bf3 a5 32. Nd3 h6 33. Ne5 b4 34. Rc5 Rb7 35. Kh2 bxa3 36. bxa3 a4 37. Qc3 Qb2 38. Qxb2 Rxb2 39. Kg3 Rb3 40. Ra5 Rxa3 41. h4 Ra1 42. Nd3 a3 43. Nb4 Rb1 44. Nc2 Rb2 45. Nxa3 Nd7 46. Nb5 Nf6 47. Nc7 Rb7 48. Nxe8+ Nxe8 1/2-1/2

[Event "CRO-chT3"]
[Site "Zagreb"]
[Date "2009.04.19"]
[Round "5"]
[White "Zlomislic, Vinko"]
[Black "Stankovic, Andrej"]
[Result "1/2-1/2"]
[WhiteElo "2094"]
[BlackElo "2117"]
[PlyCount "159"]
[EventDate "2009.03.08"]
[EventType "team-tourn"]
[EventRounds "9"]
[EventCountry "CRO"]
[SourceTitle "EXT 2011"]
[Source "ChessBase"]
[SourceDate "2010.11.26"]
[SourceVersion "1"]
[SourceVersionDate "2010.11.26"]
[SourceQuality "1"]

1. d4 d5 2. c4 c6 3. Nf3 Nf6 4. e3 Bg4 5. Qb3 Qc7 6. Ne5 e6 7. Nxg4 Nxg4 8. Be2 Nf6 9. Nc3 Nbd7 10. Bd2 Bd6 11. h3 0-0 12. 0-0 dxc4 13. Bxc4 e5 14. Rac1 exd4 15. exd4 Nb6 16. Be2 Bf4 17. Rfd1 Rfd8 18. Bf3 Rd7 19. g3 Bxd2 20. Rxd2 Rad8 21. Rdd1 Qb8 22. Qb4 Qd6 23. Qc5 Qxc5 24. dxc5 Nc4 25. Rxd7 Rxd7 26. Rc2 Ne5 27. Bg2 Nd3 28. Ne4 Nxe4 29. Bxe4 Rd4 30. Bxd3 Rxd3 31. Re2 Kf8 32. Kf1 Rd1+ 33. Re1 Rd2 34. Re2 Rd1+ 35. Re1 Rxe1+ 36. Kxe1 Ke7 37. Ke2 Ke6 38. Kd3 Kd5 39. b4 f6 40. h4 g5 41. f3 h6 42. Kc3 g4 43. fxg4 Ke4 44. g5 fxg5 45. hxg5 hxg5 46. a4 a6 47. b5 a5 48. bxc6 bxc6 49. Kc4 Ke3 50. Kc3 Kf3 51. Kd4 Kxg3 52. Ke5 Kf3 53. Kd6 g4 54. Kxc6 g3 55. Kb7 g2 56. c6 g1Q 57. c7 Qb1+ 58. Ka8 Qc2 59. Kb8 Qb3+ 60. Ka8 Qd5+ 61. Kb8 Qd6 62. Kb7 Qb4+ 63. Ka8 Qc5 64. Kb7 Ke4 65. c8Q Qxc8+ 66. Kxc8 Kd4 67. Kd7 Kc4 68. Ke6 Kb4 69. Kd5 Kxa4 70. Kc4 Ka3 71. Kc3 Ka2 72. Kc2 a4 73. Kc1 Kb3 74. Kb1 Kc3 75. Ka2 Kb4 76. Kb2 a3+ 77. Ka2 Ka4 78. Ka1 Kb3 79. Kb1 a2+ 80. Ka1 1/2-1/2

[Event "Zagreb op-B"]
[Site "Zagreb"]
[Date "2008.05.13"]
[Round "2"]
[White "Medic, Mirjana"]
[Black "Zlomislic, Vinko"]
[Result "1/2-1/2"]
[WhiteElo "2266"]
[BlackElo "2096"]
[PlyCount "80"]
[EventDate "2008.05.12"]
[EventType "swiss"]
[EventRounds "9"]
[EventCountry "CRO"]
[SourceTitle "CBM 124 Extra"]
[Source "ChessBase"]
[SourceDate "2008.07.03"]
[SourceVersion "1"]
[SourceVersionDate "2008.07.03"]
[SourceQuality "1"]

1. Nf3 Nf6 2. d4 e6 3. c4 b6 4. Nc3 Bb7 5. Bg5 Bb4 6. e3 0-0 7. Rc1 c5 8. dxc5 Bxc5 9. Be2 Be7 10. 0-0 a6 11. Qb3 d6 12. Rfd1 Qc7 13. Rd2 Nbd7 14. Qd1 Rac8 15. Bf4 Nc5 16. Bxd6 Bxd6 17. Rxd6 Bd5 18. Rxd5 exd5 19. Nxd5 Qd6 20. Nxf6+ Qxf6 21. Nd4 Rfd8 22. Bf3 Ne6 23. Bd5 Nxd4 24. exd4 b5 25. b3 h6 26. g3 Rc7 27. Qd2 Rcd7 28. Rc3 bxc4 29. bxc4 Rb8 30. Kg2 Qg5 31. Qxg5 hxg5 32. Rb3 Rxb3 33. axb3 a5 34. Kf3 Re7 35. c5 Kf8 36. Bc4 Ke8 37. Bb5+ Kd8 38. h4 gxh4 39. gxh4 Re1 40. Bc4 f6 1/2-1/2

[Event "CRO-chT3"]
[Site "Zagreb"]
[Date "2008.04.20"]
[Round "4"]
[White "Zlomislic, Vinko"]
[Black "Medic, Miljenko"]
[Result "0-1"]
[WhiteElo "2096"]
[BlackElo "2247"]
[PlyCount "54"]
[EventDate "2008.03.30"]
[EventType "team-tourn"]
[EventRounds "9"]
[EventCountry "CRO"]
[SourceTitle "EXT 2011"]
[Source "ChessBase"]
[SourceDate "2010.11.26"]
[SourceVersion "1"]
[SourceVersionDate "2010.11.26"]
[SourceQuality "1"]

1. d4 Nf6 2. Nf3 c5 3. c3 e6 4. Bg5 d5 5. e3 Nbd7 6. Nbd2 Qb6 7. Qb3 c4 8. Qc2 Bd6 9. b3 cxb3 10. axb3 0-0 11. Bd3 h6 12. Bh4 Qc7 13. Bg3 Bxg3 14. hxg3 e5 15. dxe5 Nxe5 16. Nxe5 Qxe5 17. Nf3 Qe7 18. 0-0 Bg4 19. Nd4 a6 20. c4 Rac8 21. Qb2 Rfe8 22. Rfc1 Bd7 23. b4 dxc4 24. Bxc4 Qe5 25. Ra5 Qd6 26. Qb3 Qe7 27. Nf3 b5 0-1

[Event "CRO-chT3"]
[Site "Zagreb"]
[Date "2008.04.13"]
[Round "3"]
[White "Stojkovic, Josip"]
[Black "Zlomislic, Vinko"]
[Result "1-0"]
[WhiteElo "2198"]
[BlackElo "2096"]
[PlyCount "85"]
[EventDate "2008.03.30"]
[EventType "team-tourn"]
[EventRounds "9"]
[EventCountry "CRO"]
[SourceTitle "EXT 2011"]
[Source "ChessBase"]
[SourceDate "2010.11.26"]
[SourceVersion "1"]
[SourceVersionDate "2010.11.26"]
[SourceQuality "1"]

1. e4 c6 2. d4 d5 3. e5 Bf5 4. Nf3 e6 5. Be2 Ne7 6. 0-0 c5 7. c4 Nbc6 8. dxc5 d4 9. Bd3 Bxd3 10. Qxd3 Ng6 11. Re1 Bxc5 12. a3 a5 13. Nbd2 b6 14. Nf1 0-0 15. Qe4 Qc7 16. h4 h6 17. N1h2 Rad8 18. h5 Nge7 19. Bxh6 gxh6 20. Ng4 Kg7 21. Qf4 Ng8 22. Nxh6 Nxh6 23. Qf6+ Kg8 24. Qxh6 f6 25. exf6 Qh7 26. Qg5+ Kh8 27. Nh4 d3 28. Ng6+ Kg8 29. Ne7+ Kh8 30. Nxc6 d2 31. Red1 Rg8 32. Qh4 Qb7 33. f7 Qxf7 34. Nxd8 Qf5 35. Rxd2 Rg4 36. Qh3 Qe4 37. Nf7+ Kh7 38. Rad1 Qf4 39. b4 axb4 40. axb4 Rh4 41. Qd3+ Kg7 42. Qg6+ Kf8 43. Rd8+ 1-0

[Event "Velika Gorica op 7th"]
[Site "Velika Gorica"]
[Date "2007.08.24"]
[Round "8"]
[White "Zlomislic, Vinko"]
[Black "Ladisic, Alex Sacha"]
[Result "0-1"]
[WhiteElo "2138"]
[BlackElo "2069"]
[PlyCount "84"]
[EventDate "2007.08.18"]
[EventType "swiss"]
[EventRounds "9"]
[EventCountry "CRO"]
[SourceTitle "CBM 120 Extra"]
[Source "ChessBase"]
[SourceDate "2007.11.01"]
[SourceVersion "1"]
[SourceVersionDate "2007.11.01"]
[SourceQuality "1"]

1. d4 Nf6 2. c4 d6 3. Nc3 e5 4. e4 Be7 5. f4 exd4 6. Qxd4 Nc6 7. Qd1 0-0 8. Nf3 Bg4 9. Be2 Nd7 10. 0-0 Nc5 11. h3 Bxf3 12. Bxf3 Bf6 13. Be3 Ne6 14. Nd5 a5 15. Nxf6+ Qxf6 16. Qd2 h6 17. Rad1 a4 18. g3 a3 19. b3 Qb2 20. Rf2 Qxd2 21. Bxd2 Ncd4 22. Bg2 Rfb8 23. Bc3 Nc6 24. e5 dxe5 25. Bxc6 bxc6 26. Bxe5 f6 27. Bc3 Nc5 28. Re2 Re8 29. Rxe8+ Rxe8 30. Bb4 Ne4 31. Kg2 c5 32. Bxa3 Ra8 33. Kf3 f5 34. Bc1 Rxa2 35. Be3 Rb2 36. g4 Rxb3 37. gxf5 Nd6 38. Kf2 Rc3 39. Rd5 Rxc4 40. Kf3 Rc3 41. Rxc5 Nc4 42. Kf2 Nxe3 0-1

[Event "CRO-chT U20 16th"]
[Site "Sv Filip i Jakov"]
[Date "2007.04.14"]
[Round "10"]
[White "Franciskovic, Vinko"]
[Black "Zlomislic, Vinko"]
[Result "0-1"]
[WhiteElo "2048"]
[BlackElo "2120"]
[PlyCount "62"]
[EventDate "2007.04.10"]
[EventType "team-tourn"]
[EventRounds "11"]
[EventCountry "CRO"]
[SourceTitle "EXT 2010"]
[Source "ChessBase"]
[SourceDate "2010.11.25"]
[SourceVersion "1"]
[SourceVersionDate "2010.11.25"]
[SourceQuality "1"]

1. e4 d6 2. d4 Nf6 3. Nc3 g6 4. Be2 Bg7 5. h4 c5 6. d5 Na6 7. h5 Nc7 8. h6 Bf8 9. Be3 b5 10. f3 b4 11. Nb1 Nh5 12. g4 Ng3 13. Rh2 Nxe2 14. Nxe2 e6 15. c4 exd5 16. exd5 Be7 17. Qd3 Bf6 18. Ng3 0-0 19. Ne4 Bh8 20. Bg5 f6 21. Bf4 f5 22. Nxd6 fxg4 23. Qe3 Bd4 24. Qe4 Qf6 25. Bg3 Qxf3 26. Qxf3 Rxf3 27. Re2 Rxg3 28. Kd2 Bxb2 29. Na3 Bxa1 30. Nab5 Bf5 31. Nxc7 Bc3+ 0-1

[Event "CRO-chT U20 16th"]
[Site "Sv Filip i Jakov"]
[Date "2007.04.11"]
[Round "4"]
[White "Zlomislic, Vinko"]
[Black "Bosiocic, Marin"]
[Result "0-1"]
[WhiteElo "2120"]
[BlackElo "2484"]
[PlyCount "54"]
[EventDate "2007.04.10"]
[EventType "team-tourn"]
[EventRounds "11"]
[EventCountry "CRO"]
[SourceTitle "EXT 2010"]
[Source "ChessBase"]
[SourceDate "2010.11.25"]
[SourceVersion "1"]
[SourceVersionDate "2010.11.25"]
[SourceQuality "1"]

1. d4 Nf6 2. c4 g6 3. Nc3 Bg7 4. e4 d6 5. f4 0-0 6. Nf3 c5 7. d5 e6 8. Be2 exd5 9. cxd5 Bg4 10. 0-0 Nbd7 11. h3 Bxf3 12. Bxf3 Re8 13. Re1 Qa5 14. a4 c4 15. Be3 Nc5 16. e5 dxe5 17. fxe5 Rxe5 18. Qd4 Nd3 19. b4 Qd8 20. Re2 Nxd5 21. Nxd5 Rxe3 22. Qxe3 Bxa1 23. Qe4 Ne5 24. Re1 Bb2 25. Be2 f5 26. Qc2 Bd4+ 27. Kh1 Qxd5 0-1

[Event "CRO-chT U20 16th"]
[Site "Sv Filip i Jakov"]
[Date "2007.04.10"]
[Round "2"]
[White "Zlomislic, Vinko"]
[Black "Stocko, Josip"]
[Result "1-0"]
[WhiteElo "2120"]
[BlackElo "1817"]
[PlyCount "57"]
[EventDate "2007.04.10"]
[EventType "team-tourn"]
[EventRounds "11"]
[EventCountry "CRO"]
[SourceTitle "EXT 2010"]
[Source "ChessBase"]
[SourceDate "2010.11.25"]
[SourceVersion "1"]
[SourceVersionDate "2010.11.25"]
[SourceQuality "1"]

1. d4 d5 2. c4 e6 3. Nc3 Nf6 4. cxd5 exd5 5. Bg5 c6 6. Qc2 Be7 7. e3 0-0 8. Bd3 h6 9. Bh4 Re8 10. Nf3 Nbd7 11. 0-0 Ne4 12. Bxe7 Qxe7 13. Rab1 f5 14. b4 a6 15. a4 Nb6 16. b5 Nxc3 17. Qxc3 axb5 18. axb5 Ra3 19. Rb3 Rxb3 20. Qxb3 Qc7 21. Rc1 Bd7 22. Ne5 Rb8 23. Qc2 Qc8 24. Nxd7 Qxd7 25. Bxf5 Qf7 26. bxc6 bxc6 27. Bg6 Qf6 28. Qxc6 Qxc6 29. Rxc6 1-0

[Event "CRO-ch U20"]
[Site "Bjelolasica"]
[Date "2005.08.15"]
[Round "3"]
[White "Mutapcic, Damir"]
[Black "Zlomislic, Vinko"]
[Result "0-1"]
[WhiteElo "2119"]
[BlackElo "2126"]
[PlyCount "76"]
[EventDate "2005.08.13"]
[EventType "swiss"]
[EventRounds "9"]
[EventCountry "CRO"]
[SourceTitle "EXT 2006"]
[Source "ChessBase"]
[SourceDate "2005.11.24"]
[SourceVersion "1"]
[SourceVersionDate "2005.11.24"]
[SourceQuality "1"]

1. d4 d5 2. Nf3 Nf6 3. e3 c6 4. b3 Bg4 5. Be2 Nbd7 6. Nbd2 e6 7. 0-0 Bd6 8. Bb2 0-0 9. Ne5 Bxe2 10. Qxe2 a5 11. a4 Qe7 12. Nxd7 Nxd7 13. e4 Qh4 14. e5 Be7 15. f4 c5 16. Qb5 Rfd8 17. Qxb7 cxd4 18. g3 Qh5 19. Bxd4 Bc5 20. Bxc5 Nxc5 21. Qb5 Ne4 22. Qd3 Rac8 23. Nf3 Rc3 24. Qe2 Rdc8 25. Ra2 g5 26. Nd4 g4 27. Qg2 Re3 28. Nb5 Rf3 29. Rb2 Rxf1+ 30. Kxf1 Nc3 31. Qd2 Ne4 32. Qd3 Qxh2 33. Qe3 Nxg3+ 34. Ke1 Qh1+ 35. Kf2 Ne4+ 36. Ke2 g3 37. Na3 Qg2+ 38. Kd1 Nc3+ 0-1

[Event "CRO-ch U20"]
[Site "Bjelolasica"]
[Date "2005.08.14"]
[Round "1"]
[White "Glazar, Domagoj"]
[Black "Zlomislic, Vinko"]
[Result "0-1"]
[WhiteElo "1971"]
[BlackElo "2126"]
[PlyCount "54"]
[EventDate "2005.08.13"]
[EventType "swiss"]
[EventRounds "9"]
[EventCountry "CRO"]
[SourceTitle "EXT 2006"]
[Source "ChessBase"]
[SourceDate "2005.11.24"]
[SourceVersion "1"]
[SourceVersionDate "2005.11.24"]
[SourceQuality "1"]

1. d4 c5 2. d5 e5 3. c4 d6 4. Nc3 Be7 5. e4 Bg5 6. Bxg5 Qxg5 7. Nf3 Qd8 8. Qd2 a6 9. 0-0-0 Nf6 10. h3 Nbd7 11. g4 Qa5 12. g5 Nh5 13. Nh4 g6 14. Ng2 Rb8 15. Be2 b5 16. Bxh5 gxh5 17. cxb5 axb5 18. b3 c4 19. Nb1 b4 20. bxc4 Ba6 21. Qc2 b3 22. axb3 Nc5 23. Nd2 Qa3+ 24. Kb1 Nxb3 25. Qb2 Nxd2+ 26. Rxd2 Rxb2+ 27. Rxb2 0-0 0-1

[Event "CRO-chT2 Center"]
[Site "Zagreb"]
[Date "2005.05.15"]
[Round "5.2"]
[White "Jelic, Neven"]
[Black "Zlomislic, Vinko"]
[Result "0-1"]
[WhiteElo "2103"]
[BlackElo "2126"]
[PlyCount "94"]
[EventDate "2005.04.03"]
[EventType "team-tourn"]
[EventRounds "11"]
[EventCountry "CRO"]
[SourceTitle "EXT 2007"]
[Source "ChessBase"]
[SourceDate "2006.11.23"]
[SourceVersion "1"]
[SourceVersionDate "2006.11.23"]
[SourceQuality "1"]

1. Nf3 d5 2. g3 Nf6 3. Bg2 c6 4. 0-0 Bg4 5. d3 Nbd7 6. Nbd2 e5 7. e4 dxe4 8. dxe4 Bc5 9. Qe2 0-0 10. Nb3 Bb6 11. Be3 a5 12. a4 Re8 13. Rfd1 Bxe3 14. Qxe3 Qc7 15. h3 Bh5 16. g4 Bg6 17. Nh4 Nf8 18. f3 Ne6 19. Bf1 Nf4 20. Kh2 Nd7 21. Nc5 Nf8 22. Nd3 h5 23. Nxf4 exf4 24. Qf2 hxg4 25. hxg4 Qe5 26. c3 Bh7 27. Kg1 Rad8 28. Bc4 Qg5 29. Ng2 Ng6 30. Rd4 Ne5 31. Be2 c5 32. Rd5 Rxd5 33. exd5 Bd3 34. Bxd3 Nxd3 35. Qd2 Qxd5 36. Nxf4 Qxf3 37. Qxd3 Qxf4 38. Qd7 Qg3+ 39. Kf1 Re6 40. Qd8+ Kh7 41. g5 Qf4+ 42. Kg1 Rg6 43. Qd3 Qxg5+ 44. Kf2 Kg8 45. Rf1 Re6 46. Rh1 Qf4+ 47. Kg2 Rg6+ 0-1

[Event "CRO-chT2 Center"]
[Site "Zagreb"]
[Date "2005.04.03"]
[Round "1.2"]
[White "Zlomislic, Vinko"]
[Black "Heged, Vlado"]
[Result "0-1"]
[WhiteElo "2124"]
[BlackElo "2107"]
[PlyCount "58"]
[EventDate "2005.04.03"]
[EventType "team-tourn"]
[EventRounds "11"]
[EventCountry "CRO"]
[SourceTitle "EXT 2007"]
[Source "ChessBase"]
[SourceDate "2006.11.23"]
[SourceVersion "1"]
[SourceVersionDate "2006.11.23"]
[SourceQuality "1"]

1. d4 e6 2. c4 d5 3. Nf3 c6 4. g3 f5 5. Bg2 Nf6 6. 0-0 Bd6 7. b3 Qe7 8. Bb2 b6 9. Qc1 Bb7 10. Ba3 Bxa3 11. Nxa3 Nbd7 12. Nc2 0-0 13. Nce1 Rac8 14. Nd3 c5 15. Qa3 dxc4 16. bxc4 Rfe8 17. dxc5 Bxf3 18. Bxf3 Nxc5 19. Ne5 Nce4 20. Qb2 Rc5 21. Bg2 Qc7 22. Nd3 Rxc4 23. Rac1 Rxc1 24. Rxc1 Qd6 25. Qb5 Rd8 26. Rc6 Qd4 27. Rxe6 Qa1+ 28. Bf1 Nd2 29. h3 Qxf1+ 0-1